Dune - ATEEZ - Statistics

General Stats
  • This quiz has been taken 2 times
  • The average score is 52 of 114
Answer Stats
Hint Answer % Correct
cant
100%
i
100%
it
100%
you
100%
your
100%
anymore
50%
away
50%
back
50%
be
50%
broken
50%
could
50%
day
50%
(YH) nae nunbicheun sarajyeoga desire
50%
doll
50%
door
50%
down
50%
(JH) sumi cha yeogin | (WY) sumi cha yeogin (JH) (sumi cha now) | sumi cha yeogin every
50%
fade
50%
hayeomeopshi ppajyeogago isseo (WY) yeojeonhi nan falling
50%
head
50%
(SN) daeul su eopshi meoreojyeoga | gipeun goseuro sarajyeoga witaeroweo
gieokhaejul su innayo
i danmalmaye bimyeongirado
(SN) daeul su eopshi meoreojyeoga
heavens
50%
(HJ) yeo, yeogi sallyeojweoyo help
50%
son, son jom jabajweo nal hold
50%
(YS/JH)
nugureul tathaeya haneun geonga
(YS) yeojeonhi deullineun (JH) woah-oh-oh-oh~ | nugureul tathaeya haneun geonga yeojeonhi deullineun
keep
50%
gangjero knock
50%
lights
50%
mayday
50%
me
50%
my
50%
oh
50%
out
50%
panic
50%
(panic)
50%
yogmange nare paein pop
50%
beoseonal sudo eopseo (YH)
jeolmange sonjiseun nal yuhokhae
domangchil su isseul georaneun deushi
run
50%
take
50%
mul, mul gyesok mallaga nan thirsty
50%
(JH/YS)
mweol wihae apaya haneun geonga
sumaneun saram jung nainga | (YS)
mweol wihae apaya haneun geonga
sumaneun saram jung nainga
why?
50%
kkaejyeobeorin geoure bichin yeah!
50%
beoseonal sudo eopseo yeah
50%
ak sorido naojil ana momi aye
0%
(WY) da mallabeorin maeumsoge bit hala
0%
hey
0%
apbakkami songdurijjae gama (btw type the adlibs) hoo
0%
mm
0%
on
0%
deo araero araero (SH)
peobutneun binmuri naeryeo meorireul nureugo
eotteokedeun ollagaryeo anganhimeul sseo
sumi makhyeoone
sel su eomneun
sacerfice
0%
woah
0%
No matching quizzes found
Score Distribution
Percent of People with Each Score
Percentile by Number Answered
Your Score History
You have not taken this quiz